Dějiny města Ostrova. - Ronov nad Doubravou : Triality. - 2001 [Rezension]
| Titel: | Dějiny města Ostrova. - Ronov nad Doubravou : Triality. - 2001 [Rezension] |
|---|---|
| Verfasser: | |
| In: |
Muzeum Cheb: Sborník Chébskeho Muzea, (2002), Seite 289 alle Artikel anzeigen |
| Veröffentlicht: | 2002 [2003] |
| Format: | Aufsatz |
| Sprache: | Tschechisch |
X
alg: 39523132 001A $01999:12-11-16 001B $01999:09-08-21 $t17:44:16.000 001C $06050:14-11-16 $t07:19:13.000 001D $01999:12-11-16 001U $0utf8 001X $00 002@ $0Aox 003@ $0395231329 007A $0395231329 $aHEB 007T $0Herdp33572 010@ $acze 011@ $a2002 $n2002 [2003] 021A $aDějiny města Ostrova. - Ronov nad Doubravou : Triality. - 2001 [Rezension] 028A $aBurachovič $dStanislav 031A $h289 $j2002 039B $aIn $8--Abvc--Muzeum Cheb [Tb1]. Sborník Chébskeho Muzea. - Cheb : Muzeum, 1993-2006. - ISSN 1211-9210 $x200200000000000711 $9070513341 039T $8--Aax--. Dějiny města Ostrova. - Ronov nad Doubravou : Triality, 2001. - 370 s., 327 čb. + bar. obr. - ISBN 80-902786-8-X $9395501490 045F $a900.94371 $eDDC23BSB 045F/01 $a900 045F/03 $g4371 045T $a9,10 $a7,41 lok: 39523132 78 exp: 39523132 78 1 #EPN 201B/01 $026-11-17 $t04:21:32.000 201U/01 $0utf8 203@/01 $0791563790 208@/01 $a12-11-16 $be 209A/01 $a/ $f000 $x00 220C/01 $aHerkunft: Hú Av Čr Praha 244Z/01 $#Tschechien $#Tschechische Republik $#Tschechische Republik $#Tschechenland $#Tschechei Tschechien $#Česká Republika $#Czech Republic $#ČR $74303381-7 $8--Tg1--Tschechien $x01 $9086659812 244Z/01 $2Trx $#Böhmen $#Bohemia $#Czechy $8--Trx--Čechy $x02 $9391188941 244Z/01 $2Trx $#arvustused $#recenzijos $#Reviews $#recenziók $#recenzje $#recenzie $#recenze $8--Trx--Rezensionen $x03 $9391357441 247C/01 $82080>Marburg/Lahn, Herder-Institut, Forschungsbibliothek, Bibliographieportal $9336309341
| LEADER | 00000caa a22000002c 4500 | ||
|---|---|---|---|
| 001 | 395231329 | ||
| 003 | DE-603 | ||
| 005 | 20210809174416.0 | ||
| 007 | tu | ||
| 008 | 161112s2002 xx |||| | u00||u|cze c | ||
| 035 | |a (DE-599)HEB395231329 | ||
| 040 | |a DE-603 |b ger |c DE-603 |d DE-603 | ||
| 041 | |a cze | ||
| 082 | 0 | 4 | |8 1\u |a 900.94371 |q DE-101 |2 23/BSB |
| 084 | |a 9,10 |a 7,41 |2 ssgn | ||
| 085 | |8 1\u |b 900 | ||
| 085 | |8 1\u |z 2 |s 4371 | ||
| 100 | 1 | |a Burachovič, Stanislav | |
| 245 | 0 | 0 | |a Dějiny města Ostrova. - Ronov nad Doubravou : Triality. - 2001 [Rezension] |
| 264 | 0 | |c 2002 [2003] | |
| 773 | 0 | 8 | |i In |a Muzeum Cheb |t Sborník Chébskeho Muzea |d Cheb : Muzeum, 1993-2006 |x 1211-9210 |g (2002), Seite 289 |w (DE-603)070513341 |w (DE-600)1353473-7 |
| 787 | 0 | 8 | |i Rezension von |t Dějiny města Ostrova |d Ronov nad Doubravou : Triality, 2001 |h 370 s., 327 čb. + bar. obr |z 809027868X |w (DE-603)395501490 |
| 924 | 0 | |9 2080 |a (DE-603)791563790 |b DE-2080 |c HES |d d |g / | |


